Návrh koncepcie prívesného postrekovača pre kolesový traktor

Salvato in:
Dettagli Bibliografici
Autore principale: Vörös, Tamás (Autore)
Altri autori: Protasov, Roman (Relatore della tesi)
Natura: Manoscritto Libro
Lingua:slovacco
Pubblicazione: 2024
Soggetti:
Accesso online:http://is.stuba.sk/zp/portal_zp.pl?podrobnosti=168567
Tags: Aggiungi Tag
Nessun Tag, puoi essere il primo ad aggiungerne!!

MARC

LEADER 00000ntm a22000003a 4500
001 stuzp99228
003 SK-STU
005 20240622210751.0
007 ta
008 150427s2015----xo-----f-mn---000-0-slo-d
040 |a STU  |b slo 
041 0 |a slo 
100 1 |a Vörös, Tamás  |u 020030  |4 aut  |U SjF Strojnícka fakulta  |T SjF Ústav automobilového inžinierstva a konštruovania  |X 115867  |U J0030  |Y 806  |7 115867 
242 0 1 |a Concept design of trailed sprayer for a wheeled tractor  |y eng 
245 1 0 |a Návrh koncepcie prívesného postrekovača pre kolesový traktor 
260 |c 2024 
650 4 |a prívesný postrekovač  |2 slo 
650 4 |a traktor  |2 slo 
650 4 |a návrh  |2 slo 
650 4 |a poľnohospodárstvo  |2 slo 
650 4 |a design  |2 eng 
650 4 |a agriculture  |2 eng 
650 4 |a trailed sprayer  |2 eng 
650 4 |a tractor  |2 eng 
700 1 |a Protasov, Roman  |u 020030  |k Z1  |4 ths  |U SjF Strojnícka fakulta  |T SjF Ústav automobilového inžinierstva a konštruovania  |X 101680  |U J0030  |Y 806  |7 101680 
856 4 |u http://is.stuba.sk/zp/portal_zp.pl?podrobnosti=168567